Living values activities for children ages 8-14 / (Record no. 5008)

MARC details
000 -LEADER
fixed length control field 00981nam a22002417a 4500
001 - CONTROL NUMBER
control field 5008
003 - CONTROL NUMBER IDENTIFIER
control field FISKH
005 - DATE AND TIME OF LATEST TRANSACTION
control field 20241031124805.0
008 - FIXED-LENGTH DATA ELEMENTS--GENERAL INFORMATION
fixed length control field 241031b cb ||||| |||| 00| 0 eng d
020 ## - INTERNATIONAL STANDARD BOOK NUMBER
International Standard Book Number 9781558748804
040 ## - CATALOGING SOURCE
Original cataloging agency FISKH
Language of cataloging eng
Transcribing agency FISKH
Modifying agency FISKH
050 ## - LIBRARY OF CONGRESS CALL NUMBER
Classification number LB1139.M67
082 ## - DEWEY DECIMAL CLASSIFICATION NUMBER
Classification number 372.01
100 ## - MAIN ENTRY--PERSONAL NAME
Personal name Tillman, Diane
245 ## - TITLE STATEMENT
Title Living values activities for children ages 8-14 /
Statement of responsibility, etc. by Diane Tillman with Activities from Educators Around the World
260 ## - PUBLICATION, DISTRIBUTION, ETC.
Place of publication, distribution, etc. Florida :
Name of publisher, distributor, etc. Health Communicatins, Inc ;
Date of publication, distribution, etc. 2000 .
300 ## - PHYSICAL DESCRIPTION
Extent 313 pages :
Other physical details illustrations ;
Dimensions 23 cm .
520 ## - SUMMARY, ETC.
Summary, etc. Suitable for children aged 8-14, this work offers goals, objectives and detailed lesson plans that explore twelve key units: Peace, Respect, Love, Tolerance, Honesty, Humility, Cooperation, Happiness, Responsibility, Simplicity, Unity and Freedom.
650 ## - SUBJECT ADDED ENTRY--TOPICAL TERM
Topical term or geographic name entry element character education
Form subdivision non-fiction
700 ## - ADDED ENTRY--PERSONAL NAME
Personal name Liddle, Ruth
Relator term illustrator
942 ## - ADDED ENTRY ELEMENTS (KOHA)
Source of classification or shelving scheme Dewey Decimal Classification
Koha item type Books
Suppress in OPAC No
Holdings
Withdrawn status Lost status Source of classification or shelving scheme Damaged status Not for loan Collection Home library Current library Shelving location Date acquired Total Checkouts Full call number Barcode Date last seen Price effective from Koha item type
    Dewey Decimal Classification     Non-Fiction Footprints International School Library Network Toul Kork Campus Footprints International School Library Network Toul Kork Campus TTP Secondary Non-Fiction Bookshelves 10/31/2024   TIL 372.01 LB1139.M67 FISSE04436 10/31/2024 10/31/2024 Books